Two ages: [the Present Age and the Age of Revolution ; a literary review]
| Contributors: | ; |
|---|---|
| Format: | Print Book |
| Language: | English |
| Subito Delivery Service: | Order now. |
| Check availability: | HBZ Gateway |
| WorldCat: | WorldCat |
| Interlibrary Loan: | Interlibrary Loan for the Fachinformationsdienste (Specialized Information Services in Germany) |
| Published: |
Macon, Ga.
Mercer Univ. Press
1984
|
| In: |
International Kierkegaard commentary (14)
Year: 1984 |
| Series/Journal: | International Kierkegaard commentary
14 |
| Further subjects: | B
Gyllembourg, Thomasine (1773-1856) To tidsaldre
B Kierkegaard, Søren (1813-1855) Literair anmeldelse |
MARC
| LEADER | 00000cam a2200000 c 4500 | ||
|---|---|---|---|
| 001 | 272857041 | ||
| 003 | DE-627 | ||
| 005 | 20251222212345.0 | ||
| 007 | tu | ||
| 008 | 990101s1984 xxu||||| 00| ||eng c | ||
| 010 | |a 83025106 | ||
| 020 | |a 0865540810 |9 0-86554-081-0 | ||
| 020 | |a 9780865540811 |9 978-0-86554-081-1 | ||
| 035 | |a (DE-627)272857041 | ||
| 035 | |a (DE-576)009790934 | ||
| 035 | |a (DE-599)GBV272857041 | ||
| 035 | |a (OCoLC)246828099 | ||
| 035 | |a (OCoLC)10230795 | ||
| 035 | |a (DE-604)8092363369 | ||
| 040 | |a DE-627 |b ger |c DE-627 |e rakwb | ||
| 041 | |a eng | ||
| 044 | |c XD-US | ||
| 050 | 0 | |a B4376 | |
| 050 | 0 | |a PT8131.G9 | |
| 082 | 0 | |a 839.8/136 |q LOC |2 19 | |
| 082 | 0 | |a 198/.9 | |
| 084 | |a BF 6081 |2 rvk |0 (DE-625)rvk/11088:11597 | ||
| 245 | 0 | 0 | |a Two ages |b [the Present Age and the Age of Revolution ; a literary review] |c ed. by Robert L. Perkins |
| 264 | 1 | |a Macon, Ga. |b Mercer Univ. Press |c 1984 | |
| 300 | |a XXIV, 265 S. | ||
| 336 | |a Text |b txt |2 rdacontent | ||
| 337 | |a ohne Hilfsmittel zu benutzen |b n |2 rdamedia | ||
| 338 | |a Band |b nc |2 rdacarrier | ||
| 490 | 1 | |a International Kierkegaard commentary |v 14 | |
| 500 | |a Literaturangaben | ||
| 583 | 1 | |a Archivierung/Langzeitarchivierung gewährleistet |f SSG |x XA-DE-BW |2 pdager |5 DE-21 | |
| 600 | 1 | 0 | |a Gyllembourg, Thomasine |d 1773-1856 |t To tidsaldre |
| 600 | 1 | 0 | |a Kierkegaard, Søren |d 1813-1855 |t Literair anmeldelse |
| 601 | |a Revolution | ||
| 700 | 1 | |e Hrsg. |0 (DE-588)131248383 |0 (DE-627)654711445 |0 (DE-576)162517858 |4 edt |a Perkins, Robert L. |d 1930- | |
| 700 | 1 | |0 (DE-588)118562002 |0 (DE-627)133369072 |0 (DE-576)20898786X |4 oth |a Kierkegaard, Søren |d 1813-1855 | |
| 830 | 0 | |a International Kierkegaard commentary |v 14 |9 14 |w (DE-627)581785843 |w (DE-576)013112961 |w (DE-600)2457761-3 |7 am | |
| 889 | |w (DE-627)19373589X | ||
| 935 | |a mteo | ||
| 935 | |i Blocktest | ||
| 936 | r | v | |a BF 6081 |b Sekundärliteratur |k Theologie und Religionswissenschaften |k Philosophie |k Quellen zur Philosophiegeschichte |k Neueste Zeit (ab ca. 1850) |k Autoren K |k Kierkegaard, Sören A. |k Sekundärliteratur |0 (DE-627)1270702289 |0 (DE-625)rvk/11088:11597 |0 (DE-576)200702289 |
| 951 | |a BO | ||
| ELC | |b 1 | ||
| ITA | |a 1 |t 1 | ||
| LOK | |0 000 xxxxxcx a22 zn 4500 | ||
| LOK | |0 001 3204911977 | ||
| LOK | |0 003 DE-627 | ||
| LOK | |0 004 272857041 | ||
| LOK | |0 005 20010606000000 | ||
| LOK | |0 008 930330||||||||||||||||ger||||||| | ||
| LOK | |0 040 |a DE-21 |c DE-627 |d DE-21 | ||
| LOK | |0 852 |a DE-21 | ||
| LOK | |0 852 1 |c 25 A 14598-14 |9 00 | ||
| LOK | |0 935 |a comp |a konv | ||
| LOK | |0 939 |a 30-03-93 |b l01 | ||
| ORI | |a SA-MARC-ixtheoa001.raw | ||
| REL | |a 1 | ||
| SUB | |a REL | ||



